000 00457nam a2200145Ia 4500
008 151213s9999 xx 000 0 und d
100 _aনুরুল মোমেন।
245 _aমুসলিম আইন।
_cনুরুল মোমেন।
260 _aঢাকা
_bবাংলা একাডেমী।
_c1994
300 _a3622 p.
650 _aLaw
650 _aLaw
700 _aনুরুল মোমেন।
999 _c2417
_d2417